000 00348nam a2200145Ia 4500
008 150201s2006 xx 000 0 und d
082 _a612.015
_bT2006P
100 _aPURI,DINESH
245 _aTEXTBOOK OF MEDICAL BIOCHEMISTRY
250 _a2ND
260 _bELSEVIER
_aDELHI
_c2006
300 _a1-900
650 _aBIOCHEMISTRY
942 _2ddc
_cBK
999 _c3397
_d3397